National income and expenditure 1979-80 (Record no. 530886)

MARC details
000 -LEADER
fixed length control field 00695nam a2200241Ia 4500
003 - CONTROL NUMBER IDENTIFIER
control field OSt
005 - DATE AND TIME OF LATEST TRANSACTION
control field 20220925194831.0
008 - FIXED-LENGTH DATA ELEMENTS--GENERAL INFORMATION
fixed length control field 220923b |||||||| |||| 00| 0 eng d
020 ## - INTERNATIONAL STANDARD BOOK NUMBER
International Standard Book Number 0 642 056889
037 ## - SOURCE OF ACQUISITION
Terms of availability General Book
040 ## - CATALOGING SOURCE
Original cataloging agency RTL
Transcribing agency RTL
Language of cataloging eng
041 ## - LANGUAGE CODE
Source of code eng
Language code of text/sound track or separate title eng
100 ## - MAIN ENTRY--PERSONAL NAME
Personal name CAMERON R.J.
9 (RLIN) 252425
245 #0 - TITLE STATEMENT
Title National income and expenditure 1979-80
260 ## - PUBLICATION, DISTRIBUTION, ETC.
Place of publication, distribution, etc. Canberra
Name of publisher, distributor, etc. Australian Bureau of Statistics
Date of publication, distribution, etc. 1980
300 ## - PHYSICAL DESCRIPTION
Extent 32p
Dimensions cm.
500 ## - GENERAL NOTE
General note Parliamentary paper no. 140/1980
942 ## - ADDED ENTRY ELEMENTS (KOHA)
Classification part X:31.8.N80-N79, M
Koha item type General Books
Source of classification or shelving scheme Colon Classification (CC)

No items available.

Copyright @ Delhi University Library System